Statistiche per Primi 15 paesi interessati da Covid-19 - 18 maggio

Clicka qui per fare il quiz!

Statistiche generali

  • Questo quiz è stato fatto 6 volte
  • Il punteggio medio è 16 su 25

Statistiche sulle risposte

nazione% Corretto
Brasile
100%
Cina
100%
Francia
100%
Germania
100%
India
100%
Italia
100%
Regno Unito
100%
Russia
100%
Spagna
100%
Stati Uniti
100%
Iran
83%
Canada
67%
Svizzera
67%
Arabia Saudita
50%
Belgio
50%
Irlanda
50%
Perù
50%
Portogallo
50%
Svezia
50%
Turchia
50%
Bielorussia
33%
Bahrain
0%
Kuwait
0%
Qatar
0%
Singapore
0%

Distribuzione punteggi

Percentile per numero di risposta

Percentuale di utenti per punteggio

I tuoi punteggi nel tempo

Non hai fatto questo quiz